Statistics for Can you guess these Greek Dishes?

Click here to take the quiz!

General Stats

  • This quiz has been taken 9 times
  • The average score is 4 of 10

Answer Stats

Answer% Correct
Gyros
86%
Fasolada
43%
Gemista
43%
Giouvetsi
43%
Greek Salad
43%
Loukoumades
43%
Mousakas
43%
Spanakopita
29%
Briam
14%
Dolmades
14%

Score Distribution

Percentile by Number Answered

Percent of People with Each Score

Your Score History

You have not taken this quiz